Post Harvest Management of Horticultural Crops for Food and Nutritional Security (Record no. 14495)
[ view plain ]
| 000 -LEADER | |
|---|---|
| fixed length control field | 00346nam a22001217a 4500 |
| 020 ## - INTERNATIONAL STANDARD BOOK NUMBER | |
| ISBN | 9789382983101 |
| 082 ## - DEWEY DECIMAL CLASSIFICATION NUMBER | |
| Classification number | 631.56 |
| Item number | SWA/PO |
| 245 ## - TITLE STATEMENT | |
| Title | Post Harvest Management of Horticultural Crops for Food and Nutritional Security |
| 260 ## - PUBLICATION, DISTRIBUTION, ETC. (IMPRINT) | |
| Place of publication | Delhi |
| Name of publisher | Mangalam Publications |
| Year of publication | 2013 |
| 300 ## - PHYSICAL DESCRIPTION | |
| Number of Pages | 449 |
| 700 ## - ADDED ENTRY--PERSONAL NAME | |
| Personal name | Swain,Subash Chandra |
| 942 ## - ADDED ENTRY ELEMENTS (KOHA) | |
| Koha item type | Books |
| Withdrawn status | Lost status | Damaged status | Collection code | Home library | Current library | Shelving location | Date acquired | Source of acquisition | Cost, normal purchase price | Full call number | Accession Number | Koha item type |
|---|---|---|---|---|---|---|---|---|---|---|---|---|
| KAUAET | KAUAET | General Stacks | 08/07/2016 | Arunima Book Distributors,TVPM | 1150.00 | 631.56 SWA/PO | 24832 | Books | ||||
| KAUAET | KAUAET | General Stacks | 15/07/2016 | Southern Book Stall, Tvm | 1150.00 | 631.56 SWA/PO | 24549 | Books | ||||
| KAUAET | KAUAET | General Stacks | 27/07/2016 | Penta Books Distributors, Calicut. | 1150.00 | 631.56 SWA/PO | 24172 | Books |
